000 00929cam a2200253 a 4500
005 20161122150200.0
008 980618s1986 us r 00110 eng d
020 _a0521456908
040 _ala
_cla
_dCO-BoIAVH
041 0 _aeng
082 0 4 _a577.0903
_bC82e
100 1 _aCrosby, Alfred W.
_d1931-
_eautor
245 1 0 _aEcological imperialism :
_bthe biological expansion of Europe, 900-1900 /
_cAlfred W. Crosby.
260 _aCambridge :
_bCambridge University Press,
_c1986.
300 _axiv, 368 p. ;
_c22 x 14 cm.
500 _aIncluye índice.
504 _aIncluye referencias bibliográficas.
650 2 6 _aAnimales
_xDistribución geográfica
_zEuropa
_y900-1900
650 2 6 _aBiogeografía
_zEuropa
_y900-1900
650 2 6 _aPlantas
_xDistribución geográfica
_zEuropa
_y900-1900
650 2 6 _aEcología
_xHistoria
_zEuropa
_y900-1900
942 _2ddc
_cLIBRO
949 _an
_bn
999 _c3732
_d3732